LIBRARY ONLINE CATALOGUE

Meteor out of Africa : (Record no. 12712)

MARC details
000 -LEADER
fixed length control field 00675cam a22002052 4500
001 - CONTROL NUMBER
control field 0000002533
005 - DATE AND TIME OF LATEST TRANSACTION
control field 20151217155816.0
008 - FIXED-LENGTH DATA ELEMENTS--GENERAL INFORMATION
fixed length control field 070413s xx 000 0 eng d
040 ## - CATALOGING SOURCE
Original cataloging agency KABU
Transcribing agency KABU
050 #0 - LIBRARY OF CONGRESS CALL NUMBER
Classification number DT351
Item number .S7J33
100 1# - MAIN ENTRY--PERSONAL NAME
Personal name Jackson, Peggy Hervey.
-- 0000151916
245 10 - TITLE STATEMENT
Title Meteor out of Africa :
Remainder of title Henry Morton Stanley's journey to find Livingstone, 1871.
260 ## - PUBLICATION, DISTRIBUTION, ETC. (IMPRINT)
Place of publication, distribution, etc. London :
Name of publisher, distributor, etc. Cassell,
Date of publication, distribution, etc. 1962.
300 ## - PHYSICAL DESCRIPTION
Extent xi, 369 p.
651 #0 - SUBJECT ADDED ENTRY--GEOGRAPHIC NAME
Geographic name Africa, Central Sub-Saharan
General subdivision Desctription and travel.
-- 0000151917
700 1# - ADDED ENTRY--PERSONAL NAME
Personal name Stanley, Henry Morton.
-- 0000148657
908 ## - PUT COMMAND PARAMETER (RLIN)
Put command parameter 070413
950 ## - LOCAL HOLDINGS (RLIN)
-- 1
Holdings
Withdrawn status Lost status Source of classification or shelving scheme Not for loan Home library Current library Date acquired Total Checkouts Full call number Barcode Date last seen Price effective from Koha item type
    Library of Congress Classification   Kabarak, Main Campus Kabarak, Main Campus 17/12/2015   DT531 .S7J33 010482 17/12/2015 17/12/2015 Africana Collection